Podział administracyjny Włoch pierwszego stopnia - Statystyki

Ogólne statystyki
  • Ten quiz został rozwiązany 3 razy
  • Średni wynik to 13 z 20
Statystyki odpowiedzi
Odpowiedź % Poprawnych
Sycylia
100%
Toskania
100%
Abruzja
67%
Apulia
67%
Basilicata
67%
Dolina Aosty
67%
Emilia Romania
67%
Kalabria
67%
Lacjum
67%
Liguria
67%
Lombardia
67%
Marche
67%
Molise
67%
Piemont
67%
Sardynia
67%
Trydent Górna Adyga
67%
Friuli Wenecja Julijska
33%
Kampania
33%
Umbria
33%
Wenecja Euganejska
33%
Nie znaleziono quizów pasujących do podanych kryteriów
Rozkład punktacji
Procent ludzi z każdym wynikiem
Percentyl według liczby udzielonych odpowiedzi
Twoja historia wyników
Nie rozwiązałeś tego quizu